000 00561nam a2200193Ia 4500
003 OSt
005 20191230142420.0
008 190216s9999||||xx |||||||||||||| ||und||
020 _a9788121902601
040 _coclc
082 _a330.01
_bAHU/A
100 _aAhuja, H L
_9470
245 0 _aAdvanced Economic Theory : Microeconomics Analysis /
_c H L Ahuja
250 _a10th ed.
260 _bSulthan Chand &company,
_c1998.
_aNew Delhi:
300 _a1053p
650 _aEconomics
942 _cBK
_2ddc
_h330.01
_iAHU/A
_k330.01
_mAHU/A
999 _c10153
_d10153